000 00658nam a2200241Ia 4500
003 OSt
005 20220918222013.0
006 a|||||r|||| 00| 0
007 ta
008 220917b |||||||| |||| 00| 0 eng d
024 _a214,276
037 _cTextual
040 _aARTS
_cARTS
_beng
041 _2eng
_aeng
082 _aR3xL70, N3
100 _aBeiser Frederick C. Ed.
_9141961
245 0 _aThe Cambridge companion to Hegel
260 _aUSA
_bCambridge University press
_c1996
300 _aviii, 518 p
_ccm.
500 _arep. of 1993
942 _hR3xL70, N3
_cTEXL
_2CC
999 _c274286
_d274286